Novelas completas / (Record no. 134796)

MARC details
000 -LEADER
campo de control de longitud fija 01605nam a2200217 i 4500
001 - NÚMERO DE CONTROL
campo de control 134796
003 - IDENTIFICADOR DE NÚMERO DE CONTROL
campo de control ES-MaACL
005 - FECHA Y HORA DE LA ÚLTIMA TRANSACCIÓN
campo de control 20250428063004.0
007 - CAMPO FIJO DE DESCRIPCIÓN FÍSICA--INFORMACIÓN GENERAL
campo de control de longitud fija t|
008 - DATOS DE LONGITUD FIJA--INFORMACIÓN GENERAL
campo de control de longitud fija 070628s1946 sp ||||1| spa d
080 ## - NÚMERO DE LA CLASIFICACIÓN DECIMAL UNIVERSAL
Número de la Clasificación Decimal Universal 84-3"18"=6
100 1# - ENTRADA PRINCIPAL--NOMBRE DE PERSONA
Nombre de persona France, Anatole,
Fechas asociadas al nombre 1844-1924
9 (RLIN) 240108
245 10 - MENCIÓN DEL TÍTULO
Título Novelas completas /
Mención de responsabilidad, etc. Anatole France ; traducción y prólogo de Luis Ruiz Contreras.
260 ## - PUBLICACIÓN, DISTRIBUCIÓN, ETC.
Lugar de publicación, distribución, etc. Madrid :
Nombre del editor, distribuidor, etc. M. Aguilar,
Fecha de publicación, distribución, etc. 1946.
300 ## - DESCRIPCIÓN FÍSICA
Extensión 2 v. ;
Dimensiones 19 cm.
500 ## - NOTA GENERAL
Nota general Ret. del aut.
505 8# - NOTA DE CONTENIDO CON FORMATO
Nota de contenido con formato Contiene: v. I. El libro de Pedro. El libro de Susana. El crimen de un académico. El olmo del paseo. El maniquí de mimbre. El anillo de amatista. El señor Bergeret en París. La azucena roja. Tais. Los dioses tienen sed. La rebelión de los ángeles.-- v. II. El figón de la reina Patoja. El abate Jerónimo Coignard. Crainquebille. Garduño. "Riquet" y otros relatos edificantes. Los deseos de Juan Servien. La isla de los pingüinos. El jardín de Epicuro. Sobre la piedra inmaculada. Cuentos de Dalevuelta. Bajo la invocación de Clío. Yocasta. El gato flaco. Historia de cómicos. Las siete mujeres de Barba Azul. El milagro del glorioso San Nicolás. Historia de la duquesa Cigüeña y del señor Boulingrin. La camisa. Baltasar y otros cuentos. El estuche de nácar. El pozo de Santa Clara. Abeja. Diálogo acerca de los cuentos de hadas. Notas marginales. Excursiones a través de Francia. Vida insigne de Rabelais y chuscas hazañas de Pantagruel.
700 1# - ENTRADA AGREGADA--NOMBRE PERSONAL
Nombre de persona Ruiz Contreras, Luis,
Fechas asociadas al nombre 1863-1953
9 (RLIN) 100711
852 ## - LOCALIZACIÓN
Ubicación ES-MaACL
Número de control de estantería B-10653-54
Sublocalización o colección R.22628
Holdings
Estatus retirado Estado de pérdida Estado de daño No para préstamo Biblioteca de origen Biblioteca actual Ubicación en estantería Fecha de adquisición Fuente de adquisición Total de préstamos Signatura topográfica completa Código de barras Visto por última vez Precio de reemplazo Tipo de ítem Koha
        Biblioteca del Ateneo de Madrid Biblioteca del Ateneo de Madrid Sala Pardo Bazán 17/01/2008     B-10653-54 1140305 23/02/2023 23/02/2023 Libro impreso